| 000 | 00972nam0a2200289 i 4500 | ||
|---|---|---|---|
| 001 | RU\NLR\bibl\2031360 | ||
| 005 | 20260406121621.0 | ||
| 010 |
_a9785699636457 _92500 |
||
| 021 |
_aRU _b2013-34493 _9156д/13 |
||
| 035 | _a(NLR Aleph) 002019220 | ||
| 090 |
_a4496400 _c4496400 |
||
| 100 | _a20130507d2013 u y0rusy50 ca | ||
| 101 | 0 | _arus | |
| 102 | _aRU | ||
| 105 | _ay ||||||||| | ||
| 200 | 1 |
_aЕще одна из дома Романовых _e[роман] _fЕлена Арсеньева |
|
| 210 |
_aМосква _cЭксмо _d2013 |
||
| 215 |
_a250, [1] с. _d21 |
||
| 225 | 1 |
_aЧаровница _eроманы Е. Арсеньевой |
|
| 686 | _aШ6(2=Р)8-440.4 | ||
| 700 | 1 |
_4070 _8rus _7ca _aАрсеньева _bЕ. А. _cписатель _f1952- _gЕлена Арсеньевна _3RU\NLR\auth\77572 _9110618 |
|
| 801 | 0 |
_aRU _bNLR _c20130507 _gRCR |
|
| 801 | 1 |
_aRU _bNLR _c20130507 |
|
| 942 | _cBOOK | ||
| 980 | _aNBR | ||